| 000 | 00437nam a2200181Ia 4500 | ||
|---|---|---|---|
| 001 | 23089 | ||
| 008 | 140410s9999 xx 000 0 und d | ||
| 040 | _cPK-LaUMT | ||
| 082 |
_a 156.2 _bDET-A |
||
| 100 | _aEliot Stellar | ||
| 245 |
_aAnimal dehavior _cEliot Stellar<>V. G. Dethier |
||
| 250 | _a3rd | ||
| 260 |
_aEnglewood,USA: _bPrentice-Hall, _c1970 |
||
| 300 | _a152 p. | ||
| 546 | _aEN | ||
| 700 | _aV. G. Dethier | ||
| 942 | _cBK | ||
| 999 |
_c23325 _d23325 |
||